AHL Arenas (2022 Updated) - Statistics

General Stats
  • This quiz has been taken 185 times
  • The average score is 9 of 31
Answer Stats
Team Arena % Correct
Hershey Bears Giant Center
75%
Lehigh Valley Phantoms PPL Center
75%
Chicago Wolves Allstate Arena
67%
Charlotte Checkers Bojangles Coliseum
67%
Iowa Wild Wells Fargo Arena
67%
Cleveland Monsters Rocket Mortgage FieldHouse
58%
Hartford Wolf Pack XL Center
58%
Providence Bruins Dunkin' Donuts Center
50%
Laval Rocket Place Bell
50%
Rochester Americans Blue Cross Arena
42%
Rockford IceHogs BMO Harris Bank Center
42%
Grand Rapids Griffins Van Andel Arena
42%
Springfield Thunderbirds MassMutual Center
33%
Ontario Reign Toyota Arena
25%
Tucson Roadrunners Tucson Convention Center
25%
Milwaukee Admirals UW-Milwaukee Panther Arena
25%
Toronto Marlies Coca-Cola Coliseum
17%
Wilkes-Barre/Scranton Penguins Mohegan Sun Arena at Casey Plaza
17%
San Diego Gulls Pechanga Arena
17%
San Jose Barracuda SAP Center
17%
Utica Comets Adirondack Bank Center
8%
Belleville Senators CAA Arena
8%
Manitoba Moose Canada Life Centre
8%
Henderson Silver Knights Dollar Loan Center
8%
Stockton Heat Stockton Arena
8%
Syracuse Crunch Upstate Medical University Arena
8%
Abbotsford Canucks Abbotsford Centre
0%
Colorado Eagles Budweiser Events Center
0%
Texas Stars H-E-B Center at Cedar Park
0%
Bakersfield Condors Mechanics Bank Arena
0%
Bridgeport Islanders Total Mortgage Arena
0%
No matching quizzes found
Score Distribution
Percent of People with Each Score
Percentile by Number Answered
Your Score History
You have not taken this quiz